Welcome to CU Library Online Public Access Catalogue (OPAC)

Essays in Sociological Theory (Record no. 3024)

MARC details
000 -LEADER
fixed length control field 00470nam a22001697a 4500
005 - DATE AND TIME OF LATEST TRANSACTION
control field 20250124132343.0
008 - FIXED-LENGTH DATA ELEMENTS--GENERAL INFORMATION
fixed length control field 250124b |||||||| |||| 00| 0 eng d
050 ## - LIBRARY OF CONGRESS CALL NUMBER
Classification number HM24
Item number .P3 PAR
100 ## - MAIN ENTRY--PERSONAL NAME
Personal name Parsons Talcott
245 ## - TITLE STATEMENT
Title Essays in Sociological Theory
Statement of responsibility, etc. Talcott Parsons
250 ## - EDITION STATEMENT
Edition statement Rev. Ed.
260 ## - PUBLICATION, DISTRIBUTION, ETC.
Place of publication, distribution, etc. New York
Name of publisher, distributor, etc. The Free Press
Date of publication, distribution, etc. 1954
300 ## - PHYSICAL DESCRIPTION
Extent 459p.
Other physical details ill.
Dimensions 21 cm x 14 cm
500 ## - GENERAL NOTE
General note Includes Index
650 ## - SUBJECT ADDED ENTRY--TOPICAL TERM
Source of heading or term Sociology
942 ## - ADDED ENTRY ELEMENTS (KOHA)
Source of classification or shelving scheme Library of Congress Classification
Koha item type Books
Edition Rev. Ed.
Suppress in OPAC No
999 ## -
-- 3024
-- 3024
Holdings
Withdrawn status Lost status Source of classification or shelving scheme Damaged status Not for loan Collection Home library Current library Shelving location Date acquired Total checkouts Full call number Barcode Date last seen Copy number Price effective from Koha item type
    Library of Congress Classification     Non-fiction Business Library (Miotso) Business Library (Miotso) General stacks 01/22/2025   HM24 .P3 PAR BSSM00000641 01/24/2025 1 01/22/2025 Books
© 2023-2024 Copyright: Central University Libraries. All Rights Reserved | Created by: Mahone Tech Office